• 首页
  • 本馆介绍
  • 公告通知
  • 最新文献
  • 馆藏检索
  • 电子资源
  • 读者导购
  • 参考咨询
  • 我的图书馆
  • 登录
  • 详细信息显示
  • 放入我的书架
  • 预约/预借图书
  • 作者相关作品
  • 分类相关作品
  • 丛书相关作品
  • 出版社相关作品

书目信息

  • 表格格式
  • 工作单格式
  • 卡片格式
题名:
国家福利功能的正当性
    
 
作者: 高功敬 著
分册:  
出版信息: 北京   社会科学文献出版社  2018
页数: 298页
开本: 24cm
丛书名:
单 册:
中图分类: C913.7
科图分类:
主题词: 社会福利制度--she hui fu li zhi du--研究
电子资源:
ISBN: 978-7-5201-3136-0
000 01772nam0 2200265 450
001 012001002584
005 20131023163854.0
010    @a978-7-5201-3136-0@dCNY89.00
099    @aCAL 012018120387
100    @a20180928d2018 em y0chiy50 ea
101 0  @achi
102    @aCN@b110000
105    @ay a 000yy
106    @ar
200 1  @a国家福利功能的正当性@Aguo jia fu li gong neng de zheng dang xing@d= The legitimacy of state welfare function@f高功敬著@zeng
210    @a北京@c社会科学文献出版社@d2018
215    @a298页@d24cm
320    @a有书目 (第284-298页)
330    @a本书稿试图为国家福利功能寻求或阐明一个坚实的规范性基础,以有效回应自由至上主义者以及新古典自由主义者们对国家福利功能的核心指控。这一目标蕴含着如下基本要素:其一,需要有效反驳各种道德权利指控,从其立论内部出发,证明国家福利功能的必然性或存在的必要性。其二,需要阐明国家福利功能的有效性。任何为国家福利功能提供辩护的理由,必须严肃对待有效性问题:它不仅对所有人都是有效可及的,并且与激励机制相容,以确保有效可及的国家福利功能的可持续性或可行性。在仔细审查各种相互竞争的理由对国家福利功能所具有的规范效力的基础上,本书稿阐明,国家福利功能的正当性只需奠基在如下两个基本理念之上:把社会设想为一个自由而平等的公民终生参与的公平合作体系;并且,把自由而平等的要义集中阐释为(或限定在)公民终生参与公平合作体系所必需的基本能力范畴内。这样,国家福利功能不仅是必然的,也是有效可及的,且与激励机制相容(符合效率原则),因而,也是自足的或自我强化的。本书稿是系统研究国家福利功能正当性的专论,弥补了学界对这一重要议题缺乏专门系统研究的碎片化缺憾。
510 1  @aLegitimacy of state welfare function@zeng
606 0  @a社会福利制度@Ashe hui fu li zhi du@x研究
690    @aC913.7@v5
701  0 @a高功敬@Agao gong jing@4著
801  0 @aCN@b江苏凤凰@c20191020
905    @b1220369-72@dC913.7@e1658@f4
    
    国家福利功能的正当性= The legitimacy of state welfare function/高功敬著.-北京:社会科学文献出版社,2018
    298页;24cm
    
    
    ISBN 978-7-5201-3136-0:CNY89.00
    本书稿试图为国家福利功能寻求或阐明一个坚实的规范性基础,以有效回应自由至上主义者以及新古典自由主义者们对国家福利功能的核心指控。这一目标蕴含着如下基本要素:其一,需要有效反驳各种道德权利指控,从其立论内部出发,证明国家福利功能的必然性或存在的必要性。其二,需要阐明国家福利功能的有效性。任何为国家福利功能提供辩护的理由,必须严肃对待有效性问题:它不仅对所有人都是有效可及的,并且与激励机制相容,以确保有效可及的国家福利功能的可持续性或可行性。在仔细审查各种相互竞争的理由对国家福利功能所具有的规范效力的基础上,本书稿阐明,国家福利功能的正当性只需奠基在如下两个基本理念之上:把社会设想为一个自由而平等的公民终生参与的公平合作体系;并且,把自由而平等的要义集中阐释为(或限定在)公民终生参与公平合作体系所必需的基本能力范畴内。这样,国家福利功能不仅是必然的,也是有效可及的,且与激励机制相容(符合效率原则),因而,也是自足的或自我强化的。本书稿是系统研究国家福利功能正当性的专论,弥补了学界对这一重要议题缺乏专门系统研究的碎片化缺憾。
●
相关链接 在E读中查询图书 在五车中查询图书 在当当中查询图书 在豆瓣中查询图书


正题名:国家福利功能的正当性     索取号:C913.7/1658         预约/预借

序号 登录号 条形码 馆藏地/架位号 状态 备注
1 1220369   212203694   第一样本阅览室/ [索取号:C913.7/1658] 在馆    
2 1220370   212203701   教育系资料室/ [索取号:C913.7/1658] 在馆    
3 1220371   212203710   教育系资料室/ [索取号:C913.7/1658] 在馆    
4 1220372   212203729   第一借阅区/ [索取号:C913.7/1658] 在馆    
唐山师范学院图书馆 欢迎您!
大连网信软件有限公司© 版权所有